| 000 | 00644nam a22002177a 4500 | ||
|---|---|---|---|
| 005 | 20170124110208.0 | ||
| 010 | _aA-759510 | ||
| 020 | _c150.00 | ||
| 035 | _aA-759510 | ||
| 037 | _bCen Lib/Ret | ||
| 040 |
_aDPL _bEN |
||
| 082 |
_a181.45 _bSES |
||
| 100 |
_aSeshadri, T. R. _937663 |
||
| 245 |
_aCurative powers of the holy Giita / _cby T. R. Seshadri |
||
| 260 |
_aHyderabad _bTanikellas _c1995 |
||
| 270 |
_aFlat No.101, Harry's Mansion. V.R. Colony, Khairatabad _bHyderabad _e500004 |
||
| 300 |
_a228p. _c21cm(Hb) |
||
| 650 |
_aBhagavadgītā _937664 |
||
| 650 |
_aHinduism _937665 |
||
| 942 |
_2ddc _cEN _h181.45 _mSES |
||
| 999 |
_c133346 _d133346 |
||